000
00298nam a22001337a 4500
008
170503b xxu||||| |||| 00| 0 eng d
020
_a
0136231403
041
_a
eng
080
_a
34
100
_a
13
101
_a
SHJ
245
_a
NOLTES SCHOOLL LAW DESK BOOK
_c
NOLTE.M.CH
942
_2
udc
_c
BK
999
_c
12537
_d
12537